• 首页
  • 本馆介绍
  • 公告通知
  • 最新文献
  • 馆藏检索
  • 电子资源
  • 读者导购
  • 参考咨询
  • 我的图书馆
  • 登录
  • 详细信息显示
  • 放入我的书架
  • 预约/预借图书
  • 作者相关作品
  • 分类相关作品
  • 丛书相关作品
  • 出版社相关作品

书目信息

  • 表格格式
  • 工作单格式
  • 卡片格式
题名:
21天排毒养生餐
    
 
作者: 林光常 著
分册:  
出版信息: 北京   国际文化出版公司  2007
页数: 189页
开本: 20*21cm
丛书名:
单 册:
中图分类: TS972.123
科图分类:
主题词: 素菜--菜谱
电子资源:
ISBN: 7-80173-598-6
000 00810nam0 2200253 450
000 00816nam0 2200253 450
000 00744nam0 2200229 450
000 00708nam0 2200217 45
005 20070515151028.93
010    @a7-80173-598-6@dCNY49.80
100    @a20070404d2007 em y0chiy0120 ea
101 0  @achi
102    @aCN@b110000
105    @aa z 000yy
200 1  @a21天排毒养生餐@A21 Tian Pai Du Yang Sheng Can@f林光常著@FLin Guang Chang Zhu
210    @a北京@c国际文化出版公司@d2007
215    @a189页@c图@d20*21cm
300    @a全球健康生活类畅销书排行榜第一名 健康时报重点推荐读物
330    @a本书讲了21天排毒养生餐的做法及注意事项。
606 0  @a素菜@x菜谱
690    @aTS972.123@v4
701  0 @a林光常@ALin Guang Chang@4著
801  0 @aCN@bTAOJIN@c20070515
905    @a10447@dTS972.123@e246
    
    21天排毒养生餐/林光常著.-北京:国际文化出版公司,2007
    189页:图;20*21cm
    全球健康生活类畅销书排行榜第一名 健康时报重点推荐读物
    
    ISBN 7-80173-598-6:CNY49.80
    本书讲了21天排毒养生餐的做法及注意事项。
●
相关链接 在E读中查询图书 在五车中查询图书 在当当中查询图书 在豆瓣中查询图书


正题名:21天排毒养生餐     索取号:TS972.123/246         预约/预借

序号 登录号 条形码 馆藏地/架位号 状态 备注
1 0520393   205203938   第二样本阅览室/ [索取号:TS972.123/246] 在馆    
2 0520394   205203947   第三借阅区/ [索取号:TS972.123/246] 在馆    
3 0520395   205203956   第三借阅区/ [索取号:TS972.123/246] 在馆    
4 0520396   205203965   第三借阅区/ [索取号:TS972.123/246] 在馆    
5 0520397   205203974   第三借阅区/ [索取号:TS972.123/246] 在馆    
欢迎您!
大连网信软件有限公司© 版权所有